new poets: American and British poetry since World War II (Record no. 16554)
[ view plain ]
| 000 -LEADER | |
|---|---|
| fixed length control field | 00307nam a2200109Ia 4500 |
| 008 - FIXED-LENGTH DATA ELEMENTS--GENERAL INFORMATION | |
| fixed length control field | 191206s9999 xx 000 0 und d |
| 090 ## - | |
| -- | PR8771M62 |
| 245 #0 - TITLE STATEMENT | |
| Title | new poets: American and British poetry since World War II |
| 260 ## - PUBLICATION, DISTRIBUTION, ETC. | |
| Place of publication, distribution, etc. | Oxford University Press |
| 260 ## - PUBLICATION, DISTRIBUTION, ETC. | |
| Date of publication, distribution, etc. | c1967 |
| 300 ## - PHYSICAL DESCRIPTION | |
| Extent | "xiv, 350 p. 21 cm." |
| Withdrawn status | Lost status | Source of classification or shelving scheme | Damaged status | Not for loan | Home library | Current library | Date acquired | Inventory number | Total Checkouts | Full call number | Barcode | Date last seen | Price effective from | Koha item type |
|---|---|---|---|---|---|---|---|---|---|---|---|---|---|---|
| CUZ Bulawayo Campus | CUZ Bulawayo Campus | 06.12.2019 | CUB1019 | PR8771M62 | BBK001226 | 03.04.2025 | 06.12.2019 | OS Book |